Normale Ansicht MARC-Ansicht ISBD

Adam, Eva und Corona. (Titelsatznr. 371670)

[ MARC ]
MARC-Details
000 -Satzkennung
Kontrollfeld mit fester Länge 00472nab a2200181 4500
001 - Kontrollnummer
Kontrollfeld 238538
003 - Kontrollnummer Identifier
Kontrollfeld OSt
005 - Datum und Zeit der letzten Transaktion
Kontrollfeld 20220608085727.0
007 - Feld mit fester Länge zur physischen Beschreibung - Allgemeine Information
Kontrollfeld mit fester Länge tu
008 - Feld mit fester Länge zur physischen Beschreibung - Allgemeine Angaben
Kontrollfeld mit fester Länge 180201s2018|||||||
040 ## - Katalogisierungsquelle
Original-Katalogisierungsstelle DE-2950
Übertragungsstelle DE-2950
245 00 - Titel
Titel Adam, Eva und Corona.
Zusatz zum Titel Moment mal: Gedanken zu biblischen Texten /
Verfasserangabe etc. Uwe Stiehler
264 ## - Produktion, Veröffentlichung, Distribution, Herstellung und Urheberrechtsvermerk
Datum der Herstellung, der Veröffentlichung, des Vertriebs oder des Urheberschutzvermerks 2022
653 ## - Indexierungsterm - Nicht normiert
Nicht-normierter Term Pandemie / Corona
653 ## - Indexierungsterm - Nicht normiert
Nicht-normierter Term Bibeltext
773 0# - Übergeordnete Einheit
Verknüpfungsangaben Februar /März, 01.02. - 31.03.2022, S. 4
Titel Gemeindebrief
942 ## - Zusätzliche Felder (Koha)
Klassifikation oder Aufstellungssystematik Andere/Generische Klassifikation
Koha-Medientyp Aufsätze
Exemplare
Ausgeschieden Verloren Klassifikation oder Aufstellungssystematik Beschädigt Nicht entleihbar Heimatbibliothek Aufenthaltsbibliothek Aufstellungsort Erwerbungsdatum Kodierter Standort-Qualifier Anzahl Ausleihen Signatur Letzte Aktivität Preis gültig von Koha-Medientyp
    Andere/Generische Klassifikation     Stadtarchiv Frankfurt (Oder) | Archivbibliothek Stadtarchiv Frankfurt (Oder) | Archivbibliothek Magazin 08/06/2022 M   II: 4264 08/06/2022 08/06/2022 Aufsätze